Complete these Country Names - Click Sprint - Statistics

General Stats
  • This quiz has been taken 175 times
  • The average score is 12 of 20
Answer Stats
Hint Answer % Correct
Sri Lanka
72%
Burkina Faso
71%
Dominican Republic
67%
Costa Rica
67%
Marshall Islands
66%
Antigua and Barbuda
64%
New Zealand
64%
Trinidad and Tobago
63%
Saudi Arabia
63%
South Africa
62%
Bosnia and Herzegovina
62%
Central African Republic
61%
Papua New Guinea
61%
East Timor
61%
United Kingdom
60%
North Macedonia
60%
Equatorial Guinea
59%
Cape Verde
58%
Saint Lucia
57%
San Marino
54%
No matching quizzes found
Score Distribution
Percent of People with Each Score
Percentile by Number Answered
Your Score History
You have not taken this quiz